Central Library OPAC University of Rajshahi

The teaching of English in Pakistan / (Record no. 49897)

MARC details
000 -LEADER
fixed length control field 00625nam a2200217 a 4500
001 - CONTROL NUMBER
control field 49897
003 - CONTROL NUMBER IDENTIFIER
rucl marc code BD-RjUL
005 - DATE AND TIME OF LATEST TRANSACTION
control field 20211209075429.0
008 - FIXED-LENGTH DATA ELEMENTS--GENERAL INFORMATION
fixed length control field 160822s1961 pk b 000 0 eng
020 ## - INTERNATIONAL STANDARD BOOK NUMBER
Terms of availability Rs.3/8
035 ## - SYSTEM CONTROL NUMBER
System control number (BD-RjUL)50017
040 ## - CATALOGING SOURCE
Original cataloging agency BD-RjUL
Transcribing agency TxU
Modifying agency BD-RjUL
Language of cataloging eng
041 ## - LANGUAGE CODE
Language code of text/sound track or separate title eng
082 ## - DEWEY DECIMAL CLASSIFICATION NUMBER
Edition number 23
Classification number 420.7
Author mark and year KHT 1961
100 1# - MAIN ENTRY--PERSONAL NAME
Personal name Khan, Yunus ali
9 (RLIN) 149538
245 14 - TITLE STATEMENT
Title The teaching of English in Pakistan /
Statement of responsibility, etc. Yunus Ali Khan,
260 ## - PUBLICATION, DISTRIBUTION, ETC. (IMPRINT)
Place of publication, distribution, etc. Lahore,
Name of publisher, distributor, etc. University book agency,
Date of publication, distribution, etc. 1961.
300 ## - PHYSICAL DESCRIPTION
Pagination 195 p. ;
Size 19 cm.
650 #0 - SUBJECT ADDED ENTRY--TOPICAL TERM
Topical term or geographic name as entry element English language
General subdivision Study and teaching
Geographic subdivision Pakistan.
9 (RLIN) 149539
942 ## - ADDED ENTRY ELEMENTS (KOHA)
Source of classification or shelving scheme Dewey Decimal Classification
Koha item type Books
Holdings
Lost status Source of classification or shelving scheme Damaged status Not for loan Collection code Permanent Location Current Location Shelving location Date acquired Source of acquisition Cost, normal purchase price Total Checkouts Full call number Date last seen Copy number Koha item type
  Dewey Decimal Classification   Not For Loan Non-fiction Central Library, University of Rajshahi Central Library, University of Rajshahi Reading Room 24/01/1967 Royal Book co. 3.50   420.7 KHT 1961 23/08/2016 C-1 Books
  Dewey Decimal Classification     Non-fiction Central Library, University of Rajshahi Central Library, University of Rajshahi   24/01/1967 Royal Book co. 3.50   420.7 KHT 1961 23/08/2016 C-3 Books